000 00888nam a2200289Ia 4500
003 OSt
005 20220927104123.0
006 a|||||r|||| 00| 0
007 ta
008 220926b |||||||| |||| 00| 0 eng d
020 _c
_10350
024 _a121343
037 _b"465, 14/10/1987, Sheetal"
_cReference Collections
040 _aRTL
_cRTL
_beng
041 _2eng
_aeng
082 _a"U287k, N7/RR"
100 _aOliver John E
_9364449
245 0 _aEncyclopedia of Climatology
260 _aNew
_bYork Van Nostrand
_c1987
300 _a986p.
_ccm.
490 _aEncyclopedia of Earth Science; 11
500 _aBibliography Chapterwise
650 _aClimate
_9364450
700 _a Fairbridge Rhodes W
_9364451
942 _h"U287k, N7/RR"
_cCC
999 _c686240
_d686240